000 00420nam a2200193Ia 4500
008 240510s9999 xx 000 0 und d
020 _a0009559585800
041 _asih
082 _a891.483
082 _bJ19
100 _aJAYALATH,K.
245 0 _aBamba Ketu Hati
260 _bSri Lanka,Kanishka Jayalath
260 _c2008
300 _a198 p.
650 _aSinhala Novel
942 _2ddc
942 _cLBK
999 _c28986
_d28986
945 _a1
_bMadushi Gamage
_c1
_dMadushi Gamage